Managerial Accounting and Control (Record no. 1654)

000 -LEADER
fixed length control field 00521nam a22001937a 4500
003 - CONTROL NUMBER IDENTIFIER
control field OSt
005 - DATE AND TIME OF LATEST TRANSACTION
control field 20210423055916.0
008 - FIXED-LENGTH DATA ELEMENTS--GENERAL INFORMATION
fixed length control field 210222s1996 ||||| |||| 00| 0 eng d
040 ## - CATALOGING SOURCE
Original cataloging agency eng
Language of cataloging eng
Transcribing agency DLC
041 ## - LANGUAGE CODE
Language code of text/sound track or separate title eng
080 ## - UNIVERSAL DECIMAL CLASSIFICATION NUMBER
Universal Decimal Classification number 005
Item number S-51
100 ## - MAIN ENTRY--PERSONAL NAME
9 (RLIN) 1071
Personal name Sevcik, R. Galen
245 ## - TITLE STATEMENT
Title Managerial Accounting and Control
Remainder of title : Course Packet
Statement of responsibility, etc. / by: Custom Course Pack
260 ## - PUBLICATION, DISTRIBUTION, ETC.
Name of publisher, distributor, etc. Custom Course Pack
Date of publication, distribution, etc. 1996
300 ## - PHYSICAL DESCRIPTION
Extent 287 p.
Other physical details ill.
650 #0 - SUBJECT ADDED ENTRY--TOPICAL TERM
9 (RLIN) 324
Topical term or geographic name entry element Management
653 ## - INDEX TERM--UNCONTROLLED
Uncontrolled term მართვა
942 ## - ADDED ENTRY ELEMENTS (KOHA)
Source of classification or shelving scheme
Koha item type Books
Holdings
Withdrawn status Lost status Source of classification or shelving scheme Damaged status Not for loan Permanent location Current location Date acquired Inventory number Total Checkouts Full call number Barcode Date last seen Price effective from Koha item type
          Ken Walker International University Ken Walker International University 02/22/2021 1441   005 S-51 1441 02/22/2021 02/22/2021 Books

Powered by Koha